00267nam a2200109Ia 4500008004100000100002400041245002900065260002300094650001500117942000800132999001700140190216s9999||||xx |||||||||||||| ||und|| aA Board Of Editions 0aVishudha Quran Vivaranam bAl Aman Book Stall aReferences cREF c35372d35372